Science Quiz

Random Science or Mythology Quiz

Who Am I? Celestial Objects and Mythological Figures Quiz Stats

 Plays Quiz Updated Jun 30, 2018

Score 0/24 Timer 10:00
7 Plays Today
% Correct
Pegasus
84.8%
Pluto
84.6%
Mars
84.1%
Jupiter
83.3%
Orion
80.2%
Venus
79.9%
Neptune
78.6%
Saturn
78.1%
Mercury
77.2%
Titan
73.5%
Andromeda
68.3%
Charon
66.1%
% Correct
Phobos
59.8%
Uranus
56.5%
Ceres
54%
Cassiopeia
52.9%
Ganymede
47.7%
Tonatiuh
46.3%
Triton
38.2%
Makemake
35.1%
Haumea
33.3%
Ogma
32.7%
Eris
31.3%
Maia
26.1%

You're not logged in!

Compare scores with friends on all Sporcle quizzes.
OR
Log In

You Might Also Like...

Show Comments

Extras

Top Quizzes Today


Score Distribution

Your Account Isn't Verified!

In order to create a playlist on Sporcle, you need to verify the email address you used during registration. Go to your Sporcle Settings to finish the process.

Report this User

Report this user for behavior that violates our Community Guidelines.

Details: